000 00947cam a22003134a 4500
008
020 _a0632048042 (pbk.)
049 _aMAIN
090 0 _aRT42
_bCHA
245 0 4 _aThe challenge of sexuality in health care /
_cedited by Hazel Heath and Isabel White.
260 _aOxford :
_bBlackwell Science,
_cc2002.
300 _ax, 286 p. :
_bill. ;
_c25 cm.
500 _aInclude index.
504 _aIncludes bibliographical references.
650 0 _aHolistic nursing
_zGreat Britain.
650 0 _aSex (Psychology).
650 0 _aNurse and patient.
650 2 _aHolistic Nursing.
650 2 _aSexuality.
650 2 _aNurse-Patient Relations.
650 2 _aSex Behavior
_xpsychology.
700 _aHeath, Hazel B. M.
700 1 _aWhite, Isabel.
907 _a.b10297418
_b15-07-11
_c01-06-11
003
005 20230120204103.0
040 _cNUST
942 _cBOOKS
_kRT42
_mCHA
999 _c116865
_d116865